000 00301nam a2200121 a 4500
001 4140
005 20140414131957.0
008 090218s19uu xx 00 eng d
050 _aTR 616.02
_bG65 2005
100 _aGordon, Sharon
245 _aWhat's inside an ambulance. Champion 3.
999 _c112969
_d112969